| 000 | 00762nam a2200205 a 4500 | ||
|---|---|---|---|
| 003 | 0 | ||
| 005 | 20250317133717.0 | ||
| 008 | 071127s19uu xx 00 eng d | ||
| 050 |
_aPGS QR 82.B3.B37 _b.Uy97 2007 |
||
| 100 | _aUy, Ian Winston Dale Q. | ||
| 245 |
_aEffect of Barrington asiatica on the growth of Staphylococcus aureus / _cIan Winston Dale Q. Uy. |
||
| 260 |
_aLas PiƱas City, Philippines : _bSouthville International School and Colleges, _c2007. |
||
| 300 |
_a22 pages : _billustrations ; _c28 cm. |
||
| 504 | _aIncludes bibliographical references. | ||
| 650 | _aStaphylococcus aureus. | ||
| 650 |
_aBarringtonia asiatica _vMedicinal use. |
||
| 650 | _aAntibacterial agents. | ||
| 650 |
_aPlant extracts _vTherapeutic use. |
||
| 942 |
_2lcc _cPASS |
||
| 999 |
_c97777 _d97777 |
||